<?xml version="1.0" encoding="UTF-8"?>
<record
    xmlns:xsi="http://www.w3.org/2001/XMLSchema-instance"
    xsi:schemaLocation="http://www.loc.gov/MARC21/slim http://www.loc.gov/standards/marcxml/schema/MARC21slim.xsd"
    xmlns="http://www.loc.gov/MARC21/slim">

  <leader>02134nam a22004097a 4500</leader>
  <controlfield tag="001">BRCA_ 9197</controlfield>
  <controlfield tag="003">FranzMayer</controlfield>
  <controlfield tag="005">20220809125451.0</controlfield>
  <controlfield tag="008">220711b        |||||||| |||| 00| 0 spa d</controlfield>
  <datafield tag="020" ind1=" " ind2=" ">
    <subfield code="a">9783903114944</subfield>
    <subfield code="q">Edici&#xF3;n de museo en ingl&#xE9;s</subfield>
  </datafield>
  <datafield tag="040" ind1=" " ind2=" ">
    <subfield code="b">spa</subfield>
    <subfield code="c">MFM</subfield>
  </datafield>
  <datafield tag="041" ind1="1" ind2=" ">
    <subfield code="a">eng</subfield>
  </datafield>
  <datafield tag="050" ind1=" " ind2=" ">
    <subfield code="a">N4396.S8</subfield>
    <subfield code="b">W65 2019</subfield>
  </datafield>
  <datafield tag="245" ind1="0" ind2="0">
    <subfield code="a">Wolfgang Paalen : </subfield>
    <subfield code="b">the Austrian Surrealist in Paris and Mexico / </subfield>
  </datafield>
  <datafield tag="260" ind1=" " ind2=" ">
    <subfield code="a">Londres : </subfield>
    <subfield code="b">Koenig Books Ltd, </subfield>
    <subfield code="c">[2019]</subfield>
  </datafield>
  <datafield tag="260" ind1=" " ind2=" ">
    <subfield code="a">Nueva York : </subfield>
    <subfield code="b">[Fuera de Europa] D.A.P./Distributed Art Publishers</subfield>
  </datafield>
  <datafield tag="300" ind1=" " ind2=" ">
    <subfield code="a">248 p. : </subfield>
    <subfield code="b">il., fot. col. ;</subfield>
    <subfield code="c">16.5 x 24.5 cm.</subfield>
  </datafield>
  <datafield tag="500" ind1=" " ind2=" ">
    <subfield code="a">Ubicaci&#xF3;n: L60-N1</subfield>
  </datafield>
  <datafield tag="500" ind1=" " ind2=" ">
    <subfield code="a">Incluye im&#xE1;genes de piezas del Museo Franz Mayer (pp. 108, 113, 129, 136, 184, 186, 189, 194, 195, 197, 199, 205, 206, 208)</subfield>
  </datafield>
  <datafield tag="500" ind1=" " ind2=" ">
    <subfield code="a">Incluye imagen del Fondo Paalen, Museo Franz Mayer (p. 171)</subfield>
  </datafield>
  <datafield tag="505" ind1="2" ind2=" ">
    <subfield code="t">Foreword / </subfield>
    <subfield code="r">Stella Rollig</subfield>
  </datafield>
  <datafield tag="505" ind1="2" ind2=" ">
    <subfield code="t">Shock, Fear, and Apparition as Topoi in Wolfgang Paalen's Painting / </subfield>
    <subfield code="r">Andreas Neufert</subfield>
  </datafield>
  <datafield tag="505" ind1="2" ind2=" ">
    <subfield code="t">Orientations (1927-34) / </subfield>
    <subfield code="r">Andreas Neufert</subfield>
  </datafield>
  <datafield tag="505" ind1="2" ind2=" ">
    <subfield code="t">From Roots to Guns: Paalen's Surrealist Objects / </subfield>
    <subfield code="r">Dawn Ades</subfield>
  </datafield>
  <datafield tag="505" ind1="2" ind2=" ">
    <subfield code="t">Wolfgang Paalen's Voyage Nord-Ouest / </subfield>
    <subfield code="r">Colin Browne</subfield>
  </datafield>
  <datafield tag="505" ind1="2" ind2=" ">
    <subfield code="t">Wolfgang Paalen's Transnational Art Magazine DYN / </subfield>
    <subfield code="r">Timur Alexander El Rafie</subfield>
  </datafield>
  <datafield tag="505" ind1="2" ind2=" ">
    <subfield code="t">Surrealism in Paris (1935-39) / </subfield>
    <subfield code="r">Andreas Neufert</subfield>
  </datafield>
  <datafield tag="505" ind1="2" ind2=" ">
    <subfield code="t">Wolfgang Paalen: "The First Writer of the Atomic Age" / </subfield>
    <subfield code="r">Markus Hallensleben</subfield>
  </datafield>
  <datafield tag="505" ind1="2" ind2=" ">
    <subfield code="t">Wolfgang Paalen in Exile in Mexico / </subfield>
    <subfield code="r">Christian Kloyber</subfield>
  </datafield>
  <datafield tag="505" ind1="2" ind2=" ">
    <subfield code="t">Mexico (1939-50) / </subfield>
    <subfield code="r">Andreas Neufert</subfield>
  </datafield>
  <datafield tag="505" ind1="2" ind2=" ">
    <subfield code="t">Wolfgang Paalen-Surrealist from Vienna: Searching for the Austrian Context / </subfield>
    <subfield code="r">Franz Smola</subfield>
  </datafield>
  <datafield tag="505" ind1="2" ind2=" ">
    <subfield code="t">Biography Wolfgang Paalen / </subfield>
    <subfield code="r">Andreas Neufert</subfield>
  </datafield>
  <datafield tag="520" ind1=" " ind2=" ">
    <subfield code="a">Este cat&#xE1;logo se publica con motivo de la exposici&#xF3;n "Wolfgang Paalen. El surrealista austriaco en Par&#xED;s y M&#xE9;xico" del 4 de octubre de 2019 al 19 de enero de 2020 en el Lower Belvedere, Viena. - Proporcionado por el editor</subfield>
  </datafield>
  <datafield tag="600" ind1=" " ind2=" ">
    <subfield code="a"> Paalen, Wolfgang,&#x200F; </subfield>
    <subfield code="d">1907-1959</subfield>
    <subfield code="x">Surrealismo</subfield>
    <subfield code="x">Exposiciones</subfield>
    <subfield code="9">28436</subfield>
  </datafield>
  <datafield tag="942" ind1=" " ind2=" ">
    <subfield code="2">lcc</subfield>
    <subfield code="c">B</subfield>
  </datafield>
  <datafield tag="999" ind1=" " ind2=" ">
    <subfield code="c">10816</subfield>
    <subfield code="d">10816</subfield>
  </datafield>
  <datafield tag="952" ind1=" " ind2=" ">
    <subfield code="0">0</subfield>
    <subfield code="1">0</subfield>
    <subfield code="2">lcc</subfield>
    <subfield code="4">0</subfield>
    <subfield code="7">0</subfield>
    <subfield code="a">BRCA</subfield>
    <subfield code="b">BRCA</subfield>
    <subfield code="d">2022-07-11</subfield>
    <subfield code="l">0</subfield>
    <subfield code="o">N4396.S8 W65 2019</subfield>
    <subfield code="p">CONT9970</subfield>
    <subfield code="r">2022-07-11 00:00:00</subfield>
    <subfield code="w">2022-07-11</subfield>
    <subfield code="y">B</subfield>
  </datafield>
  <datafield tag="952" ind1=" " ind2=" ">
    <subfield code="0">0</subfield>
    <subfield code="1">0</subfield>
    <subfield code="2">lcc</subfield>
    <subfield code="4">0</subfield>
    <subfield code="7">0</subfield>
    <subfield code="a">BRCA</subfield>
    <subfield code="b">BRCA</subfield>
    <subfield code="d">2022-09-28</subfield>
    <subfield code="l">0</subfield>
    <subfield code="o">N4396.S8 W65 2019</subfield>
    <subfield code="p">CONT10025</subfield>
    <subfield code="r">2022-09-28 00:00:00</subfield>
    <subfield code="w">2022-09-28</subfield>
    <subfield code="y">B</subfield>
  </datafield>
</record>
